Schweizer Gemeinden Stans-Vérossaz - Statistiken

Allgemein
  • Dieses Quiz wurde 11 mal gespielt
  • Das Durchschnittsergebnis liegt bei 43 aus 285
Antwortstatistiken
Gemeinde Kanton Fusioniert? % Korrekt
Starrkirch-Wil SO -
67%
Stans NW -
33%
Stansstad NW -
33%
Steckborn TG -
33%
Steffisburg BE -
33%
Stein SG 2013
33%
Stein AG -
33%
Stein AR -
33%
Steinach SG -
33%
Stein am Rhein SH -
33%
Steinen SZ -
33%
Steinerberg SZ -
33%
Steinhaus VS 2004
33%
Steinhausen ZG -
33%
Stetten AG -
33%
Stetten SH -
33%
Stettfurt TG -
33%
Stocken-Höfen BE -
33%
Strengelbach AG -
33%
Studen BE -
33%
Stüsslingen SO -
33%
Sufers GR -
33%
Sulgen TG -
33%
Sumiswald BE -
33%
Sumvitg GR -
33%
Sur GR 2016
33%
Tablat SG 1918
33%
Tafers FR -
33%
Tägerig AG -
33%
Tägerwilen TG -
33%
Tarasp GR 2015
33%
Täsch VS -
33%
Täuffelen BE -
33%
Tavannes BE -
33%
Tecknau BL -
33%
Tegerfelden AG -
33%
Tenero-Contra TI -
33%
Tenna GR 2013
33%
Tenniken BL -
33%
Tentlingen FR -
33%
Termen VS -
33%
Teufen AR -
33%
Teufenthal AG -
33%
Teuffenthal BE -
33%
Thal SG -
33%
Thalheim AG -
33%
Thalheim an der Thur ZH -
33%
Thalwil ZH -
33%
Thayngen SH -
33%
Therwil BL -
33%
Thielle NE 1888
33%
Thielle-Wavre NE 2009
33%
Thierachern BE -
33%
Thônex GE -
33%
Thörigen BE -
33%
Thun BE -
33%
Thundorf TG -
33%
Thunstetten BE -
33%
Thurnen BE -
33%
Thürnen BL -
33%
Thusis GR -
33%
Tiefencastel GR 2015
33%
Tinizong GR 1998
33%
Tinizong-Rona GR 2016
33%
Titterten BL -
33%
Tobel Tg -
33%
Tobel-Tägerschen TG -
33%
Toffen BE -
33%
Tolochenaz VD -
33%
Törbel VS -
33%
Torricella-Taverne TI -
33%
Trachselwald BE -
33%
Tramelan BE -
33%
Trans GR 2009
33%
Trasadingen SH -
33%
Triengen LU -
33%
Trimmis GR -
33%
Trimstein BE 2013
33%
Trin GR -
33%
Trub BE -
33%
Trubschachen BE -
33%
Trun GR -
33%
Tübach SG -
33%
Turbenthal ZH -
33%
Turgi AG 2024
33%
Turtmann VS 2013
33%
Turtmann-Unterems VS -
33%
Tüscherz-Alfermée BE 2010
33%
Twann BE 2010
33%
Twann-Tüscherz BE -
33%
Udligenswil LU -
33%
Uebeschi BE -
33%
Uesslingen-Buch TG -
33%
Uetendorf BE -
33%
Uetikon am See ZH -
33%
Ulrichen VS 2009
33%
Unterägeri ZG -
33%
Unterbäch VS -
33%
Unterendingen AG 2014
33%
Unterentfelden AG -
33%
Unterkulm AG -
33%
Unterlangenegg BE -
33%
Unterlunkhofen AG -
33%
Unterschächen UR -
33%
Unterseen BE -
33%
Untersiggenthal AG -
33%
Unterstammheim ZH 2019
33%
Uors GR 1963
33%
Uors-Peiden GR 2002
33%
Urdorf ZH -
33%
Urmein GR -
33%
Urnäsch AR -
33%
Ursenbach BE -
33%
Ursy FR -
33%
Urtenen-Schönbühl BE -
33%
Uster ZH -
33%
Utzenstorf BE -
33%
Uznach SG -
33%
Uzwil SG -
33%
Vallamand VD 2011
33%
Vallorbe VD -
33%
Vals GR -
33%
Valsot GR -
33%
Veltheim ZH 1922
33%
Veltheim AG -
33%
Vendlincourt JU -
33%
Vérossaz VS -
33%
Staufen AG -
0%
Stechlenegg AI 1872
0%
Steg VS 2009
0%
Steg-Hohtenn VS -
0%
Steinhof SO 2012
0%
Steinmaur ZH -
0%
Sternenberg ZH 2015
0%
Stettlen BE -
0%
Stierva GR 2015
0%
Stilli AG 2006
0%
Strada GR 1978
0%
Strättligen BE 1920
0%
Straubenzell SG 1918
0%
Strohwilen TG 1995
0%
Stuls/Stugl GR 1920
0%
Subingen SO -
0%
Suchy VD -
0%
Sugnens VD 2011
0%
Suhr AG -
0%
Sullens VD -
0%
Sulz LU 2009
0%
Sulz AG 2010
0%
Suraua GR 2013
0%
Surava GR 2015
0%
Surcasti GR 2002
0%
Surcuolm GR 2009
0%
Surpierre FR -
0%
Sursee LU -
0%
Surses GR -
0%
Suscévaz VD -
0%
Susch GR 2015
0%
Sutz-Lattrigen BE -
0%
Syens VD -
0%
Tägerschen TG 1999
0%
Tägertschi BE 2017
0%
Tamins GR -
0%
Tannay VD -
0%
Tannegg TG 1972
0%
Tannenbühl BE 1859
0%
Tartar GR 2010
0%
Tartegnin VD -
0%
Tegna TI 2013
0%
Tennwil AG 1900
0%
Terre di Pedemonte TI -
0%
Tersnaus GR 2002
0%
Tesserete TI 2001
0%
Tévenon VD -
0%
Thierrens VD 2013
0%
Thungschneit BE 1869
0%
Tomils GR 2009
0%
Toos TG 1964
0%
Torny FR -
0%
Torny-le-Grand FR 2004
0%
Torre TI 2006
0%
Töss ZH 1922
0%
Tramelan-Dessous BE 1952
0%
Tramelan-Dessus BE 1952
0%
Travers NE 2009
0%
Treiten BE -
0%
Trélex VD -
0%
Tremona TI 2009
0%
Tresa TI -
0%
Trey VD -
0%
Treycovagnes VD -
0%
Treytorrens VD -
0%
Treyvaux FR -
0%
Triboltingen TG 1975
0%
Trient VS -
0%
Trimbach SO -
0%
Trogen AR -
0%
Troinex GE -
0%
Troistorrents VS -
0%
Trüllikon ZH -
0%
Truttikon ZH -
0%
Tschappina GR -
0%
Tscheppach SO 2014
0%
Tschiertschen GR 2009
0%
Tschiertschen-Praden GR -
0%
Tschierv GR 2009
0%
Tschlin GR 2013
0%
Tschugg BE -
0%
Tuggen SZ -
0%
Tujetsch GR -
0%
Tuttwil TG 1969
0%
Ueberstorf FR -
0%
Ueken AG 2023
0%
Uerkheim AG -
0%
Uerschhausen TG 1997
0%
Uesslingen TG 1995
0%
Uezwil AG -
0%
Uffikon LU 2006
0%
Ufhusen LU -
0%
Uitikon ZH -
0%
Ulmiz FR -
0%
Umiken AG 2010
0%
Undervelier JU 2013
0%
Unterbözberg AG 2013
0%
Untereggen SG -
0%
Unterehrendingen AG 2006
0%
Unterems VS 2013
0%
Unterengstringen ZH -
0%
Unteriberg SZ -
0%
Unterleibstadt AG 1866
0%
Unterramsern SO -
0%
Unterschlatt TG 1999
0%
Untersteckholz BE 2010
0%
Unterstrass ZH 1893
0%
Untervaz GR -
0%
Ursins VD -
0%
Uttigen BE -
0%
Uttwil TG -
0%
Vacallo TI -
0%
Vaglio TI 2001
0%
Vairano TI 1930
0%
Valangin NE 2021
0%
Valbirse BE -
0%
Valbroye VD -
0%
Valchava GR 2009
0%
Valcolla TI 2013
0%
Val de Bagnes VS -
0%
Val-de-Charmey FR -
0%
Val-de-Ruz NE -
0%
Val-de-Travers NE -
0%
Val-d'Illiez VS -
0%
Valendas GR 2013
0%
Valeyres-sous-Montagny VD -
0%
Valeyres-sous-Rances VD -
0%
Valeyres-sous-Ursins VD -
0%
Valle Morobbia in Piano TI 1867
0%
Vallon FR -
0%
Val Mara TI -
0%
Val Müstair GR -
0%
Valpaschun GR 1879
0%
Val Terbi JU -
0%
Valzeina GR 2011
0%
Vandœuvres GE -
0%
Varen VS -
0%
Vauderens FR 2001
0%
Vauffelin BE 2014
0%
Vaugondry VD 2011
0%
Vaulion VD -
0%
Vaulruz FR -
0%
Vaumarcus NE 2018
0%
Vaux-sur-Morges VD -
0%
Vaz/Obervaz GR -
0%
Vechigen BE -
0%
Vella GR 2013
0%
Vellerat JU 2019
0%
Venthône VS 2021
0%
Verdabbio GR 2017
0%
Vergeletto TI 2016
0%
Vermes JU 2013
0%
Vernamiège VS 2011
0%
Vernate TI -
0%
Vernay FR 2017
0%
Vernayaz VS -
0%
Vernéaz NE 1875
0%
Vernier GE -
0%
Keine übereinstimmenden Quizze gefunden
Verteilung der Resultate
Anzahl Personen mit jedem Resultat
Perzentil nach korrekt beantworteten Fragen
Ihre Resultats-Entwicklung
Sie haben dieses Quiz noch nicht gespielt